|
|
|
|
| LEADER |
00000nab a2200000 a 4500 |
| 001 |
vtls010714361 |
| 003 |
SK-MaSNL |
| 005 |
20260304192527.0 |
| 008 |
250709s1976 xo |||||||||||||||||slo| |
| 035 |
|
|
|a (urnnbn)urn:nbn:sk:snk:ar-a04ddd
|
| 035 |
|
|
|a (uuid)1cce7bed-a695-4ce2-9c4f-fd6ce85edbc7
|
| 035 |
|
|
|a urn:nbn:sk:snk-ab3gua
|
| 040 |
|
|
|a SNKBUCL
|b slo
|c SNKBUCL
|e AACR2
|
| 041 |
0 |
|
|a slo
|
| 044 |
|
|
|a xo
|c SK
|
| 100 |
1 |
|
|a Béreš, Július,
|d 1939-2013
|4 aut
|9 104825
|
| 245 |
1 |
0 |
|a SÍDLISKOVÉ NÁLEZY Z MLADŠEJ DOBY BRONZOVEJ V PETROVANOCH
|c Július Béreš
|
| 773 |
0 |
|
|t Archeologické výskumy a nálezy na Slovensku v roku ...
|g Roč. 2, č. 2 (1976), s. 42-43
|
| 850 |
|
|
|a Slovenská národná knižnica
|
| 852 |
|
|
|a Slovenská národná knižnica
|
| 954 |
|
|
|a odborná, vedecká literatúra pôvodná (slovenská)
|2 lita
|
| 958 |
|
|
|a article1
|
| 958 |
|
|
|a OND
|
| 958 |
|
|
|a EUIPO
|
| 999 |
|
|
|c 3062513
|d 3064443
|